Normal view MARC view

Entry Personal Name

Number of records used in: 1

001 - CONTROL NUMBER

  • control field: 8242

003 - CONTROL NUMBER IDENTIFIER

  • control field: OSt

005 - DATE AND TIME OF LATEST TRANSACTION

  • control field: 20211028145619.0

008 - FIXED-LENGTH DATA ELEMENTS

  • fixed length control field: 211028|| aca||aabn | a|a d

040 ## - CATALOGING SOURCE

  • Original cataloging agency: OSt
  • Transcribing agency: OSt

100 ## - HEADING--PERSONAL NAME

  • Personal name: Shetty, Nisha N; D'Souza, Manibushan.
  • Miscellaneous information: 81917

670 ## - SOURCE DATA FOUND

  • Source citation: Work cat.: (OSt): Shetty, Nisha N; D'Souza, Manibushan. 81917, ETL component automation system., 2010